|
|
|
|
| LEADER |
00782nab a2200205 i 4500 |
| 001 |
acta6708 |
| 005 |
20221005150311.0 |
| 008 |
161015s1992 hu o 0|| eng d |
| 022 |
|
|
|a 0324-6523
|
| 040 |
|
|
|a SZTE Egyetemi Kiadványok Repozitórium
|b hun
|
| 041 |
|
|
|a eng
|
| 100 |
1 |
|
|a Blutman László
|
| 245 |
1 |
0 |
|a People's rights as human rights
|h [elektronikus dokumentum] :
|b problematic aspects /
|c Blutman László
|
| 260 |
|
|
|a Szegedi Tudományegyetem Állam- és Jogtudományi Kara
|b Szeged
|c 1992
|
| 300 |
|
|
|a 69-82
|
| 490 |
0 |
|
|a Acta Universitatis Szegediensis : acta juridica et politica
|v 41 No. 1-40
|
| 650 |
|
4 |
|a Társadalomtudományok
|
| 650 |
|
4 |
|a Jogtudomány
|
| 695 |
|
|
|a Emberi jogok
|
| 856 |
4 |
0 |
|u http://acta.bibl.u-szeged.hu/6708/1/juridpol_041_069-082.pdf
|z Dokumentum-elérés
|